WARDLAW'S CONTEMPORARY NUTRITION (Record no. 216544)

MARC details
000 -LEADER
fixed length control field 00465nam a22001817a 4500
008 - FIXED-LENGTH DATA ELEMENTS--GENERAL INFORMATION
fixed length control field 260204b |||||||| |||| 00| 0 eng d
020 ## - INTERNATIONAL STANDARD BOOK NUMBER
International Standard Book Number 978-1-260-09218-9
100 ## - MAIN ENTRY--PERSONAL NAME
Personal name SMITH, ANNE M.
245 ## - TITLE STATEMENT
Title WARDLAW'S CONTEMPORARY NUTRITION
250 ## - EDITION STATEMENT
Edition statement 11TH ED
260 ## - PUBLICATION, DISTRIBUTION, ETC.
Place of publication, distribution, etc. NEW YORK
Name of publisher, distributor, etc. MCGRAW HILL
Date of publication, distribution, etc. 2019
300 ## - PHYSICAL DESCRIPTION
Extent XXVI, 681P.
500 ## - GENERAL NOTE
General note INCLUDES INDEX
650 ## - SUBJECT ADDED ENTRY
Topical term or geographic name entry element DIETETICS
700 ## - ADDED ENTRY--PERSONAL NAME
Personal name COLLENE, ANGELA L.
942 ## - ADDED ENTRY ELEMENTS (KOHA)
Source of classification or shelving scheme Library of Congress Classification
Koha item type Long Loan Book
Holdings
Withdrawn status Lost status Source of classification or shelving scheme Damaged status Not for loan Collection Home library Current library Shelving location Date acquired Inventory number Total checkouts Full call number Barcode Date last seen Copy number Price effective from Koha item type
    Library of Congress Classification     Medicine Kisii University Library Kisii University Library On Display 02/04/2026 111042   QP 141 .W37 2019 50691 02/04/2026 1 02/04/2026 Long Loan Book
    Library of Congress Classification     Medicine Kisii University Library Kisii University Library On Display 02/04/2026 111043   QP 141 .W37 2019 50694 02/04/2026 2 02/04/2026 Long Loan Book
    Library of Congress Classification     Medicine Kisii University Library Kisii University Library On Display 02/04/2026 111044   QP 141 .W37 2019 50686 02/04/2026 3 02/04/2026 Long Loan Book
    Library of Congress Classification     Medicine Kisii University Library Kisii University Library On Display 02/04/2026 111045   QP 141 .W37 2019 50700 02/04/2026 4 02/04/2026 Long Loan Book
    Library of Congress Classification     Medicine Kisii University Library Kisii University Library On Display 02/04/2026 111046   QP 141 .W37 2019 50696 02/04/2026 5 02/04/2026 Long Loan Book